000 00507nam a22001337a 4500
005 20241011102423.0
008 241011b |||||||| |||| 00| 0 eng d
100 _aJackson, Savon.
_eauthor.
_962803
245 _aIndia's education system :
_bas a catalyst for the swaach bharat (clean india) mission /
_cSavon Jackson.
260 _aWashington;
_bTaylor & Francis Group,
_cMay-June 2020.
300 _aVolume 96, pages 70-76,
_billustration.
700 _aJackson, Savon.
_eauthor.
_962805
942 _2ddc
_cPER
999 _c22492
_d22492